=LDR 00000nam 2200000 4500 =001 INLIS000000000039761 =005 20130612145354 =008 ***********************************Ind** =035 ##$$0010-061300000039761 =041 ##$$a Ind =082 ##$$a 930 =090 ##$$a 930, Sya m.4 =100 ##$$a Syatra, Abdul Khafi =245 ##$$a Misteri Atlantis, Surga yang hilang itu ada di Indonesia, Abdul Khafi Syatra =260 ##$$a 2010 $b Jogjakarta =300 ##$$a 5,,164 hlm, Ilus, 20 cm =850 ##$$a NBPNMAT =990 ##$$a 21400446/BPAP-NTB/2014 =990 ##$$a 21400447/BPAP-NTB/2014 =990 ##$$a 21400613/BPAP-NTB/20142014 =990 ##$$a 21400613/BPAP-NTB/20142014 =990 ##$$a 0001/BPAP-NTB/20142014 =990 ##$$a 0001/BPAP-NTB/2016